| 000 | 00788nam a2200217Ia 4500 | ||
|---|---|---|---|
| 003 | GCL | ||
| 008 | 140319s9999 xx 000 0 ara d | ||
| 040 |
_aGCL / _cGCL |
||
| 082 | 0 | 4 |
_a810.8 _bا ت |
| 100 | 1 | _aاحمد تيمور | |
| 245 | 1 | 0 |
_aالتذكرةالتيموريةمعجم الفوائد ونوادر المسائل حلية الطراز ديوان عائشة التيمورية ضبط الاعلام / _cاحمد تيمور |
| 260 |
_a[S.N] : _bدار الكتاب العربى ، _c1953 |
||
| 300 | _aمتعدد الترقيم | ||
| 490 | _a | ||
| 650 | 0 | 4 | _aالشعر العربى |
| 650 | 0 | 4 | _aالمعاجم |
| 650 | 0 | 4 | _aعائشة التيمورية |
| 650 | 0 | 4 | _aاحمد تيمور |
| 650 | 0 | 4 | _aالادب العربى - مجموعات |
| 942 |
_2ddc _cBK |
||
| 999 |
_c58880 _d58880 |
||